000 00321nam a2200121Ia 4500
008 190802s9999 xx 000 0 und d
020 _a978-93-5129-794-9
100 _aDenise R.Ferrier
245 0 _aLippincott's Illustrated Reviews Biochemistry
260 _aUSA
_bWolters Kluwer
_c2017
300 _a567:P
942 _cBK
999 _c2286
_d2286